| 000 | 00491nam a22001817a 4500 | ||
|---|---|---|---|
| 999 |
_c527121 _d527121 |
||
| 003 | NUST | ||
| 005 | 20190720154822.0 | ||
| 008 | 190720b ||||| |||| 00| 0 eng d | ||
| 020 | _qHardcover. | ||
| 038 | _aAttaullah. | ||
| 082 | _a658.4 | ||
| 100 |
_aSiddique, Amer _918226 |
||
| 245 |
_aRevival of Pakistan Cutlery Exports / _cAmer Siddique. |
||
| 260 |
_aIslamabad: _bNBS - NUST, _c2014. |
||
| 300 |
_aiii, 44 p. : ill. ; _c30cm. |
||
| 650 |
_aEMBA Thesis. _917645 |
||
| 942 |
_2ddc _cTHE |
||